Australia all time starting xi - Statistics

General Stats
  • This quiz has been taken 51 times
    13 since last reset
  • The average score is 4 of 11
Answer Stats
Hint Answer % Correct
FW(1996-2012 Harry Kewell
89%
MF(2004-2018 Tim Cahill
89%
GK(2012- Mathew Ryan
78%
MF(2012-2023 Aaron Mooy
67%
FW(1994-2007 Mark Viduka
56%
DF(1996-2013 Lucas Neill
11%
MF(2001-2015 Mark Bresciano
11%
DF(1988-1998 Alex Tobin
0%
DF(2012- Aziz Behich
0%
DF(1998-2012 Brett Emerton
0%
FW(1992-2002 Damian Mori
0%
No matching quizzes found
Score Distribution
Percent of People with Each Score
Percentile by Number Answered
Your Score History
You have not taken this quiz since the last reset